| 000 | 00753nam a2200241Ia 4500 | ||
|---|---|---|---|
| 003 | OSt | ||
| 005 | 20220927105709.0 | ||
| 006 | a|||||r|||| 00| 0 | ||
| 007 | ta | ||
| 008 | 220926b |||||||| |||| 00| 0 eng d | ||
| 024 | _a200518 | ||
| 037 | _cReference Collections | ||
| 040 |
_aRTL _cRTL _beng |
||
| 041 |
_2eng _aeng |
||
| 082 | _a"X:77.42.N60 <-M68, K3;3" | ||
| 100 |
_akoichi Emi _9374257 |
||
| 245 | 0 | _aGovernment fiscal activity economic growth in japan 1868-1960 | |
| 260 |
_akinokuniya _btokyo japan _c1963 |
||
| 300 |
_av186 p _ccm. |
||
| 500 | _aBibliography: P 157-65; Glossary: P 143-44 | ||
| 942 |
_h"X:77.42.N60 <-M68, K3;3" _cCC |
||
| 999 |
_c693964 _d693964 |
||